<?xml version="1.0" encoding="UTF-8"?>
<record
    xmlns:xsi="http://www.w3.org/2001/XMLSchema-instance"
    xsi:schemaLocation="http://www.loc.gov/MARC21/slim http://www.loc.gov/standards/marcxml/schema/MARC21slim.xsd"
    xmlns="http://www.loc.gov/MARC21/slim">

  <leader>00718nam a22001577a 4500</leader>
  <controlfield tag="003">OSt</controlfield>
  <controlfield tag="005">20160616095308.0</controlfield>
  <controlfield tag="008">160616b        xxu||||| |||| 00| 0 eng d</controlfield>
  <datafield tag="040" ind1=" " ind2=" ">
    <subfield code="c">RUA</subfield>
  </datafield>
  <datafield tag="082" ind1=" " ind2=" ">
    <subfield code="a">AGR SIM 2014 B475 Or.1</subfield>
  </datafield>
  <datafield tag="100" ind1=" " ind2=" ">
    <subfield code="9">8429</subfield>
    <subfield code="a">SIM CHANNARY; &#x179F;&#x17CA;&#x17B9;&#x1798; &#x1785;&#x17B6;&#x1793;&#x17CB;&#x178E;&#x17B6;&#x179A;&#x17B8;</subfield>
  </datafield>
  <datafield tag="245" ind1=" " ind2=" ">
    <subfield code="a">Comparison of introduced and local varietys of corn at royal university of agiculture, &#x1780;&#x17B6;&#x179A;&#x1794;&#x17D2;&#x179A;&#x17C0;&#x1794;&#x1792;&#x17C0;&#x1794;&#x1796;&#x17BC;&#x1787;&#x1796;&#x17C4;&#x178F;&#x1793;&#x17B6;&#x17C6;&#x1785;&#x17BC;&#x179B; &#x1793;&#x17B7;&#x1784;&#x1796;&#x17BC;&#x1787;&#x1796;&#x17C4;&#x178F;&#x1780;&#x17D2;&#x1793;&#x17BB;&#x1784;&#x179F;&#x17D2;&#x179A;&#x17BB;&#x1780;&#x1793;&#x17C5;&#x1780;&#x17D2;&#x1793;&#x17D2;&#x1784;&#x179B;&#x1780;&#x17D2;&#x1781;&#x178E;&#x17D2;&#x178C;&#x179F;&#x17B6;&#x1780;&#x179B;&#x179C;&#x17B7;&#x1791;&#x17D2;&#x1799;&#x17B6;&#x179B;&#x17D0;&#x1799;&#x1797;&#x17BC;&#x1798;&#x17B7;&#x1793;&#x17D2;&#x1791;</subfield>
  </datafield>
  <datafield tag="260" ind1=" " ind2=" ">
    <subfield code="a">Phnom Penh</subfield>
    <subfield code="b">RUA</subfield>
    <subfield code="c">2014</subfield>
  </datafield>
  <datafield tag="300" ind1=" " ind2=" ">
    <subfield code="a">xii,56p.</subfield>
    <subfield code="b">ill.</subfield>
    <subfield code="c">29cm.</subfield>
  </datafield>
  <datafield tag="942" ind1=" " ind2=" ">
    <subfield code="2">ddc</subfield>
    <subfield code="c">AGR</subfield>
  </datafield>
  <datafield tag="999" ind1=" " ind2=" ">
    <subfield code="c">8075</subfield>
    <subfield code="d">8075</subfield>
  </datafield>
  <datafield tag="952" ind1=" " ind2=" ">
    <subfield code="0">0</subfield>
    <subfield code="1">0</subfield>
    <subfield code="2">ddc</subfield>
    <subfield code="4">0</subfield>
    <subfield code="6">AGR_SIM_2014_000000000000000_B475_OR_1</subfield>
    <subfield code="7">0</subfield>
    <subfield code="9">45938</subfield>
    <subfield code="a">LBB</subfield>
    <subfield code="b">LBB</subfield>
    <subfield code="c">B475</subfield>
    <subfield code="d">2016-06-16</subfield>
    <subfield code="l">5</subfield>
    <subfield code="o">AGR SIM 2014 B475 Or.1</subfield>
    <subfield code="p">RUA059390</subfield>
    <subfield code="r">2023-12-26</subfield>
    <subfield code="s">2023-12-13</subfield>
    <subfield code="w">2016-06-16</subfield>
    <subfield code="y">AGR</subfield>
  </datafield>
  <datafield tag="952" ind1=" " ind2=" ">
    <subfield code="0">0</subfield>
    <subfield code="1">0</subfield>
    <subfield code="2">ddc</subfield>
    <subfield code="4">0</subfield>
    <subfield code="6">AGR_SIM_2014_000000000000000_B475_OR_2</subfield>
    <subfield code="7">0</subfield>
    <subfield code="9">45939</subfield>
    <subfield code="a">LBB</subfield>
    <subfield code="b">LBB</subfield>
    <subfield code="c">B475</subfield>
    <subfield code="d">2016-06-16</subfield>
    <subfield code="l">6</subfield>
    <subfield code="o">AGR SIM 2014 B475 Or.2</subfield>
    <subfield code="p">RUA058762</subfield>
    <subfield code="r">2026-05-18</subfield>
    <subfield code="s">2026-04-23</subfield>
    <subfield code="w">2016-06-16</subfield>
    <subfield code="y">AGR</subfield>
  </datafield>
  <datafield tag="952" ind1=" " ind2=" ">
    <subfield code="0">0</subfield>
    <subfield code="1">0</subfield>
    <subfield code="2">ddc</subfield>
    <subfield code="4">0</subfield>
    <subfield code="6">AGR_SIM_2014_000000000000000_B475_OR_3</subfield>
    <subfield code="7">0</subfield>
    <subfield code="9">45940</subfield>
    <subfield code="a">LBB</subfield>
    <subfield code="b">LBB</subfield>
    <subfield code="c">B475</subfield>
    <subfield code="d">2016-06-16</subfield>
    <subfield code="l">1</subfield>
    <subfield code="o">AGR SIM 2014 B475 Or.3</subfield>
    <subfield code="p">RUA058889</subfield>
    <subfield code="r">2018-11-13</subfield>
    <subfield code="s">2018-10-24</subfield>
    <subfield code="w">2016-06-16</subfield>
    <subfield code="y">AGR</subfield>
  </datafield>
  <datafield tag="952" ind1=" " ind2=" ">
    <subfield code="0">0</subfield>
    <subfield code="1">0</subfield>
    <subfield code="2">ddc</subfield>
    <subfield code="4">0</subfield>
    <subfield code="6">AGR_SIM_2014_000000000000000_B475_OR_4</subfield>
    <subfield code="7">0</subfield>
    <subfield code="9">45941</subfield>
    <subfield code="a">LBB</subfield>
    <subfield code="b">LBB</subfield>
    <subfield code="c">B475</subfield>
    <subfield code="d">2016-06-16</subfield>
    <subfield code="l">2</subfield>
    <subfield code="o">AGR SIM 2014 B475 Or.4</subfield>
    <subfield code="p">RUA058637</subfield>
    <subfield code="r">2016-10-17</subfield>
    <subfield code="s">2016-10-04</subfield>
    <subfield code="w">2016-06-16</subfield>
    <subfield code="y">AGR</subfield>
  </datafield>
  <datafield tag="952" ind1=" " ind2=" ">
    <subfield code="0">0</subfield>
    <subfield code="1">0</subfield>
    <subfield code="2">ddc</subfield>
    <subfield code="4">0</subfield>
    <subfield code="6">AGR_SIM_2014_000000000000000_B475_OR_5</subfield>
    <subfield code="7">0</subfield>
    <subfield code="9">45942</subfield>
    <subfield code="a">LBB</subfield>
    <subfield code="b">LBB</subfield>
    <subfield code="c">B475</subfield>
    <subfield code="d">2016-06-16</subfield>
    <subfield code="l">1</subfield>
    <subfield code="m">1</subfield>
    <subfield code="o">AGR SIM 2014 B475 Or.5</subfield>
    <subfield code="p">RUA058885</subfield>
    <subfield code="r">2016-12-16</subfield>
    <subfield code="s">2016-11-30</subfield>
    <subfield code="w">2016-06-16</subfield>
    <subfield code="y">AGR</subfield>
  </datafield>
  <datafield tag="952" ind1=" " ind2=" ">
    <subfield code="0">0</subfield>
    <subfield code="1">0</subfield>
    <subfield code="2">ddc</subfield>
    <subfield code="4">0</subfield>
    <subfield code="6">AGR_SIM_2014_000000000000000_B475_OR_6</subfield>
    <subfield code="7">0</subfield>
    <subfield code="9">45943</subfield>
    <subfield code="a">LBB</subfield>
    <subfield code="b">LBB</subfield>
    <subfield code="c">B475</subfield>
    <subfield code="d">2016-06-16</subfield>
    <subfield code="o">AGR SIM 2014 B475 Or.6</subfield>
    <subfield code="p">RUA059005</subfield>
    <subfield code="r">2016-06-16</subfield>
    <subfield code="w">2016-06-16</subfield>
    <subfield code="y">AGR</subfield>
  </datafield>
  <datafield tag="952" ind1=" " ind2=" ">
    <subfield code="0">0</subfield>
    <subfield code="1">0</subfield>
    <subfield code="2">ddc</subfield>
    <subfield code="4">0</subfield>
    <subfield code="6">AGR_SIM_2014_000000000000000_B475_OR_7</subfield>
    <subfield code="7">0</subfield>
    <subfield code="9">45944</subfield>
    <subfield code="a">LBB</subfield>
    <subfield code="b">LBB</subfield>
    <subfield code="c">B475</subfield>
    <subfield code="d">2016-06-16</subfield>
    <subfield code="l">1</subfield>
    <subfield code="o">AGR SIM 2014 B475 Or.7</subfield>
    <subfield code="p">RUA058642</subfield>
    <subfield code="r">2018-07-11</subfield>
    <subfield code="s">2018-06-11</subfield>
    <subfield code="w">2016-06-16</subfield>
    <subfield code="y">AGR</subfield>
  </datafield>
  <datafield tag="952" ind1=" " ind2=" ">
    <subfield code="0">0</subfield>
    <subfield code="1">0</subfield>
    <subfield code="2">ddc</subfield>
    <subfield code="4">0</subfield>
    <subfield code="6">AGR_SIM_2014_000000000000000_B475_OR_8</subfield>
    <subfield code="7">0</subfield>
    <subfield code="9">45945</subfield>
    <subfield code="a">LBB</subfield>
    <subfield code="b">LBB</subfield>
    <subfield code="c">B475</subfield>
    <subfield code="d">2016-06-16</subfield>
    <subfield code="o">AGR SIM 2014 B475 Or.8</subfield>
    <subfield code="p">RUA059397</subfield>
    <subfield code="r">2016-06-16</subfield>
    <subfield code="w">2016-06-16</subfield>
    <subfield code="y">AGR</subfield>
  </datafield>
  <datafield tag="952" ind1=" " ind2=" ">
    <subfield code="0">0</subfield>
    <subfield code="1">0</subfield>
    <subfield code="2">ddc</subfield>
    <subfield code="4">0</subfield>
    <subfield code="6">AGR_SIM_2014_000000000000000_B475_OR_9</subfield>
    <subfield code="7">0</subfield>
    <subfield code="9">58449</subfield>
    <subfield code="a">LBB</subfield>
    <subfield code="b">LBB</subfield>
    <subfield code="d">2017-01-12</subfield>
    <subfield code="l">2</subfield>
    <subfield code="o">AGR SIM 2014 B475 Or.9</subfield>
    <subfield code="p">RUA059010</subfield>
    <subfield code="r">2024-08-01</subfield>
    <subfield code="s">2023-12-11</subfield>
    <subfield code="w">2017-01-12</subfield>
    <subfield code="y">AGR</subfield>
  </datafield>
</record>
